00596nam a2200157 a 450000100100000000500170001000800410002704000250006805000220009310000370011524501020015226000660025430000280032050400420034865000480039000000601820200929151903.0851017s1968 pr a b s001 0 spa  aDO-SdBNPbspacBNPHU00aPQ6032b.G66 19681 aGonzález Mas, Ezequiel,d1919-10aHistoria de la literatura española :bépoca medieval, siglos X-XV /cEzequiel González Mas. aRio Piedras, Pueto Rico :bUniversidad de Puerto Rico,c1968. a358 p. :bil. ;c24 cm. aIncluye referencias bibliográficas. 4aLiteratura españolaxHistoria y crìtica